Kinh tế đồng bằng sông Cửu Long
Trình bày các số liệu về dân số, diện tích, lao động, các chỉ tiêu, số lượng, tổng sản phẩm kinh tế. Giới thiệu các doanh nghiệp và môi trường kinh doanh trong khu vực
Сохранить в:
| Главный автор: | |
|---|---|
| Формат: | |
| Язык: | Undetermined |
| Опубликовано: |
Cần Thơ
Nxb. Đại học Cần Thơ
2012
|
| Предметы: | |
| Метки: |
Добавить метку
Нет меток, Требуется 1-ая метка записи!
|
| Thư viện lưu trữ: | Trung tâm Học liệu Trường Đại học Cần Thơ |
|---|
| LEADER | 00889nam a2200205Ia 4500 | ||
|---|---|---|---|
| 001 | CTU_190273 | ||
| 008 | 210402s9999 xx 000 0 und d | ||
| 082 | |a 330.95978 | ||
| 082 | |b D513/T.2 | ||
| 100 | |a Võ, Hùng Dũng | ||
| 245 | 0 | |a Kinh tế đồng bằng sông Cửu Long | |
| 245 | 0 | |c Võ Hùng Dũng chủ biên | |
| 260 | |a Cần Thơ | ||
| 260 | |b Nxb. Đại học Cần Thơ | ||
| 260 | |c 2012 | ||
| 520 | |a Trình bày các số liệu về dân số, diện tích, lao động, các chỉ tiêu, số lượng, tổng sản phẩm kinh tế. Giới thiệu các doanh nghiệp và môi trường kinh doanh trong khu vực | ||
| 650 | |a Vietnam,Việt Nam | ||
| 650 | |x Economic conditions,Điều kiện kinh tế | ||
| 910 | |a Hải | ||
| 980 | |a Trung tâm Học liệu Trường Đại học Cần Thơ | ||